Every NFL QB to Have 400 Passing Yards in a Game (2025-2026) - Statistics

General Stats
  • This quiz has been taken 83 times
  • The average score is 3 of 6
Answer Stats
Quarterback % Correct
Matthew Stafford
99%
Justin Herbert
63%
Joe Flacco
54%
Bryce Young
45%
Jacoby Brissett
37%
Russel Wilson
35%
No matching quizzes found
Score Distribution
Percent of People with Each Score
Percentile by Number Answered
Your Score History
You have not taken this quiz